| 000 | 01361nam0a22003371 4500 | ||
|---|---|---|---|
| 001 | v19\rc\1889031 | ||
| 005 | 20251118180507.5 | ||
| 035 | _a(NLR Aleph) 004989346 | ||
| 090 |
_a6269092 _c6269092 |
||
| 100 | _a20251123 rusy50 | ||
| 101 | 1 |
_arus _alat _clat |
|
| 102 | _aRU | ||
| 105 | _ay z |||h| | ||
| 200 | 1 |
_aРечь в защиту Милона _eВ 2 ч. _fМ. Туллий Цицерон _gСост. Ф.З. Пемов _hЧ. 1 _iТекст _hЧ. 2 _iСлова, синтаксический разбор [и комментарии] с грам. прим. и пер. |
|
| 210 |
_aКиев _aСанкт-Петербург _cФ.А. Иогансон _d1910 (обл. 1911) _eКиев |
||
| 215 |
_a472 с. _d15 |
||
| 300 | _aАвт. и загл. на рус. и лат. яз. | ||
| 500 | 1 | 1 |
_6z01700 _aРечь за Т. Анния Милона |
| 700 | 0 |
_6z01790 _6z01500 _aЦицерон _f106-43 до н. э. |
|
| 702 | 1 |
_aПемов _bФ.З. _4220 |
|
| 702 | 1 |
_aМилон _bТ.А. _gТ. Анний _4570 |
|
| 790 | 1 |
_6z01700 _6z01500 _aЦицерон _bМ.Т. _f106-43 до н. э. _gМарк Туллий |
|
| 801 | 0 |
_aRU _bNLR _gpsbo |
|
| 801 | 0 |
_aRU _bRuMoRGB _2psbo |
|
| 801 | 1 |
_aRU _bProSoft-M _2rusmarc |
|
| 852 |
_aNLR _j38.79.8.179 |
||
| 899 |
_aRuMoRGB _jA 254/41 |
||
| 899 |
_aRuMoRGB _jA 234/356 |
||
| 899 | _aБАН | ||
| 942 | _cBOOK | ||
| 980 | _aNB | ||